000 00748nam a2200205 a 4500
008 120416s1999 ||||||||||||||||| || u
020 _a0750644826
050 _aHF 5415.135 Dru
100 _aDrummond, Graeme
245 1 0 _aStrategic marketing: planning and control
260 _aOxford:
_bButterworth-Heinemann
_c1999
300 _axiii, 176 p.
350 _a0.00
490 _aMarketing series (London, England). Student
650 0 _aMARKETING--MANAGEMENT--CASE STUDIES
650 _aMARKETING--MANAGEMENT
650 _aMARKETING--DECISION MAKING
700 _aEnsor, John
995 _D0.00
_FCBU-MAIN LIBRARY (Kitwe)
_H1
_I0.00
_M1
_UAVAILABLE
_ZMain Library Open Access Collection
999 _c58541
_d58541